Pharmacology / (Record no. 20182)
[ view plain ]
| 000 -LEADER | |
|---|---|
| fixed length control field | 01398cam a22003135a 4500 |
| 001 - CONTROL NUMBER | |
| control field | 16801354 |
| 005 - DATE AND TIME OF LATEST TRANSACTION | |
| control field | 20151102115757.0 |
| 008 - FIXED-LENGTH DATA ELEMENTS--GENERAL INFORMATION | |
| fixed length control field | 110526r20132012stka frbd 001 0 eng d |
| 020 ## - INTERNATIONAL STANDARD BOOK NUMBER | |
| International Standard Book Number | 9780723436300 |
| 040 ## - CATALOGING SOURCE | |
| Original cataloging agency | DNLM/DLC |
| Transcribing agency | DLC |
| Language of cataloging | eng |
| Modifying agency | EG-ScBUE |
| -- | EG-ScBUE |
| 082 04 - DEWEY DECIMAL CLASSIFICATION NUMBER | |
| Classification number | 615.1 |
| Item number | BAT |
| Edition number | 22 |
| 100 1# - MAIN ENTRY--PERSONAL NAME | |
| Personal name | Battista, Elisabetta. |
| 9 (RLIN) | 38632 |
| 245 10 - TITLE STATEMENT | |
| Title | Pharmacology / |
| Statement of responsibility, etc | Elisabetta Battista. |
| 250 ## - EDITION STATEMENT | |
| Edition statement | 4th ed. |
| 260 ## - PUBLICATION, DISTRIBUTION, ETC. (IMPRINT) | |
| Place of publication, distribution, etc | Edinburgh : |
| Name of publisher, distributor, etc | Mosby / Elsevier, |
| Date of publication, distribution, etc | 2013. |
| 300 ## - PHYSICAL DESCRIPTION | |
| Extent | x, 236 p. : |
| Other physical details | ill. ; |
| Dimensions | 26 cm. |
| 490 0# - SERIES STATEMENT | |
| Series statement | Crash course |
| 500 ## - GENERAL NOTE | |
| General note | Index : p. 221-236.<br/> |
| 500 ## - GENERAL NOTE | |
| General note | Glossary : p. 219-220.<br/> |
| 500 ## - GENERAL NOTE | |
| General note | Rev. ed. of : Pharmacology / Gada Yassin. 3rd ed. 2007. |
| 500 ## - GENERAL NOTE | |
| General note | Rev. ed. of : Pharmacology / Magali N. F. Taylor, Peter J. W. Reide and James S. Dawson. 1st and 2nd ed. 2002 and 2004. |
| 504 ## - BIBLIOGRAPHY, ETC. NOTE | |
| Bibliography, etc | Includes bibliographical references. |
| 505 0# - FORMATTED CONTENTS NOTE | |
| Formatted contents note | Introduction to pharmacology -- Cardiovascular system -- Respiratory system -- Peripheral nervous system -- Central nervous system -- Endocrine and reproductive systems -- Kidney and urinary system -- Gastrointestinal system -- Pain and anaesthesia -- Inflammation, allergic diseases and immunosuppression -- Infectious diseases -- Cancer. |
| 650 #0 - SUBJECT ADDED ENTRY--TOPICAL TERM | |
| Topical term or geographic name as entry element | Pharmacology. |
| Source of heading or term | BUEsh |
| 9 (RLIN) | 12590 |
| 650 12 - SUBJECT ADDED ENTRY--TOPICAL TERM | |
| Topical term or geographic name as entry element | Pharmacology, Clinical. |
| Source of heading or term | BUEsh |
| 651 ## - SUBJECT ADDED ENTRY--GEOGRAPHIC NAME | |
| Source of heading or term | BUEsh |
| 653 ## - INDEX TERM--UNCONTROLLED | |
| Resource For college | Pharmacy |
| Arrived date list | July2015 |
| -- | November2015 |
| 942 ## - ADDED ENTRY ELEMENTS (KOHA) | |
| Source of classification or shelving scheme | Dewey Decimal Classification |
| Withdrawn status | Lost status | Source of classification or shelving scheme | Damaged status | Not for loan | Koha collection | Home library | Current library | Shelving location | Date acquired | Source of acquisition | Cost, normal purchase price | Serial Enumeration / chronology | Total Checkouts | Total Renewals | Full call number | Barcode | Checked out | Date last seen | Date last borrowed | Cost, replacement price | Koha item type |
|---|---|---|---|---|---|---|---|---|---|---|---|---|---|---|---|---|---|---|---|---|---|
| Dewey Decimal Classification | Baccah | Central Library | Central Library | First floor | 05/07/2015 | Purchase | 288.00 | 22353 | 3 | 10 | 615.1 BAT | 000039339 | 25/09/2025 | 26/08/2025 | 26/08/2025 | 360.00 | Book - Borrowing |